|
|
|
|
| LEADER |
00686nam a22002172a 4500 |
| 001 |
000573420 |
| 003 |
CZ BrMZK |
| 005 |
20011005074020.0 |
| 007 |
ta |
| 008 |
010825s1923 fr f fre d |
| 040 |
|
|
|a BOA001
|b cze
|c BOA001
|
| 100 |
1 |
|
|a Proust, Marcel,
|d 1871-1922
|7 jn19990006723
|4 aut
|
| 245 |
1 |
0 |
|a A la recherche du temps perdu.
|n Tome 6,
|p <<La >>prisonniére /
|c Marcel Proust
|
| 246 |
3 |
0 |
|a <<La >>prisonniére
|
| 250 |
|
|
|a 11 édit.
|
| 260 |
|
|
|a Paris :
|b Nouvelle revue française,
|c 1923
|
| 300 |
|
|
|a 280 s.
|
| 910 |
|
|
|a BOA001
|b 1-0186.614,6
|
| 990 |
|
|
|a BK
|
| 993 |
|
|
|a Y
|
| 996 |
7 |
|
|b 2619704143
|c 1-0186.614,6
|l MZK
|r Sklad / do 1 hodiny
|n 4
|w 000573420
|u 000010
|a 1
|e BOA001
|j MZK50
|s A
|